000 00270nam a2200109Ia 4500
008 190216s9999||||xx |||||||||||||| ||und||
100 _aMike Miller
245 0 _aYou Can Play Foot Ball
260 _bCareer`S Study Center. Newdelhi
650 _aReferences
942 _cREF
999 _c35599
_d35599